| 000 | 00555nam a2200217Ia 4500 | ||
|---|---|---|---|
| 005 | 20250425162625.0 | ||
| 008 | 250425s9999 xx 000 0 und d | ||
| 041 | _aspa | ||
| 043 | _aec | ||
| 082 | _a861.69866 | ||
| 100 | _aORDOÑEZ ITURRALDE, WILMAN | ||
| 245 | 0 | _aSOY LO QUE ES MI ENTORNO. DUMAS MORA, EL POETA DEL CARRIZAL | |
| 250 | _a1A ED. | ||
| 260 |
_aEcuador _bSHAMAN EDITORES _c2006 |
||
| 260 | _aGUAYAQUIL | ||
| 300 | _a131 | ||
| 650 | _aAMORFINOS COSTEÑOS | ||
| 650 | _aLITERATURA ECUATORIANA | ||
| 942 | _c01 | ||
| 010 | _a90762 | ||
| 999 |
_c233055 _d233055 |
||